Rural Sociology and Rural Development (Record no. 953)

MARC details
000 -LEADER
fixed length control field 00488nam a22001697a 4500
003 - CONTROL NUMBER IDENTIFIER
control field OSt
005 - DATE AND TIME OF LATEST TRANSACTION
control field 20260330131642.0
008 - FIXED-LENGTH DATA ELEMENTS--GENERAL INFORMATION
fixed length control field 250615b |||||||| |||| 00| 0 eng d
020 ## - INTERNATIONAL STANDARD BOOK NUMBER
International Standard Book Number 9966442596
040 ## - CATALOGING SOURCE
Transcribing agency Outspan Global University
050 ## - LIBRARY OF CONGRESS CALL NUMBER
Classification number HT401
Item number .M35 1994
100 ## - MAIN ENTRY--PERSONAL NAME
Dates associated with a name
Personal name Phillip, Mbiithi
Relator term Author
245 ## - TITLE STATEMENT
Title Rural Sociology and Rural Development
Statement of responsibility, etc. by Mbiithi Phillip,
260 ## - PUBLICATION, DISTRIBUTION, ETC.
Place of publication, distribution, etc. Kenya:
Name of publisher, distributor, etc. Kenya Literature Bureau,
Date of publication, distribution, etc. c1994.
650 ## - SUBJECT ADDED ENTRY--TOPICAL TERM
Topical term or geographic name entry element Rural
General subdivision Sociology
942 ## - ADDED ENTRY ELEMENTS (KOHA)
Source of classification or shelving scheme Library of Congress Classification
Koha item type Books
Suppress in OPAC No
Holdings
Withdrawn status Lost status Source of classification or shelving scheme Damaged status Not for loan Home library Current library Shelving location Date acquired Total checkouts Full call number Barcode Date last seen Price effective from Koha item type
    Library of Congress Classification     Main Campus 3rd Floor Main Library General stacks 06/15/2025   HT401.M35 1994 101364 06/15/2025 06/15/2025 Books